Logika pro studijní obor učitelství občanské nauky

Hlavní autor: Berka, Karel, 1923-2004
Jazyk: Čeština
Vydáno: Praha, 1980
Knihy
Uloženo v:
LEADER 00510nam a22001692a 4500
001 000088031
003 CZ BrMZK
005 19950101143423.0
007 ta
008 950101s1980 xr f cze d
040 |a BOA001  |b cze 
100 1 |a Berka, Karel,  |d 1923-2004  |7 jk01011842 
245 1 0 |a Logika pro studijní obor učitelství občanské nauky 
260 |a Praha,  |c 1980 
910 |a BOA001  |b 4-0817.002 
990 |a BK 
996 7 |b 2619982671  |c 4-0817.002  |l MZK  |r Sklad / do 1 hodiny  |n 9  |w 000088031  |u 000010  |a 1  |e BOA001  |j MZK50  |s A